The Simpsons Showrunners - Statistics

General Stats
  • This quiz has been taken 9 times
  • The average score is 5 of 12
Answer Stats
Seasons Answer % Correct
1 - 2 Matt Groening
75%
3 - 4 Al Jean
50%
13 - 31 Al Jean
50%
32 - Present Al Jean
50%
7 - 8 Josh Weinstein
50%
7 - 8 Bill Oakley
38%
1 - 2 James L. Brooks
38%
9 - 12 Mike Scully
38%
1 - 2 Sam Simon
38%
5 - 6 David Mirkin
25%
32 - Present Matt Selman
25%
3 - 4 Mike Reiss
25%
No matching quizzes found
Score Distribution
Percent of People with Each Score
Percentile by Number Answered
Your Score History
You have not taken this quiz